| 000 | 00676nas a2200229 4500 | ||
|---|---|---|---|
| 001 | BR0705256 | ||
| 003 | BR-BrBNA | ||
| 005 | 20231205111149.0 | ||
| 007 | ta | ||
| 008 | 230509b bl.|||p| |||| 00| 00por d | ||
| 040 |
_aBR-BrBNA _bpor _cBiblioteca Nacional de Agricultura |
||
| 041 | _a(Pt) | ||
| 072 | _aU40; F01 | ||
| 100 | 1 | _aFormaggio, A.R. | |
| 245 | 1 | _aSensoriamento remoto: um olhar sobre os canaviais | |
| 650 | _aSENSORIAMENTO REMOTO | ||
| 650 | _aPLANTIO | ||
| 650 | _aCANA DE AÇUCAR | ||
| 773 | 0 |
_tVisão Agrícola (Brazil) _xISSN 1806-6402 _g(Jan-Jun 2004), v. 1(1) p. 28-31 _wBR0705256 |
|
| 909 |
_a202311 _bLúcia _c55 _dLúcia Elande |
||
| 942 |
_2AGRIS _n0 _cANA |
||
| 999 |
_c191056 _d191056 |
||